00518nam a2200157Ia 450000500170000000800410001704100080005808200160006610000180008224500420010026000360014230000090017865000230018799900190021095201310022920250729165741.0250729s2014 xx 000 0 und d aeng a371.33 LALE aR.Lal9232085 aEducational Technology and Management aMeerutbR Lall Book Depotc2014 a652p aTechnology9232086 c239606d239606 00104070aALbALd2025-07-29eManagement Bookg225.00l0o371.33 LALEpBED04925r2025-07-29 16:57:41v225.00w2025-07-29yBK